00565pam a2200157 a 4500020000500000041000500005082002800010100001400038245004600052260004000098300000800138700001400146930000900160999001900169952021900188 c h a658.79999999999995bKOT aKotler,P. aMarketing Asian PlaceshTextual Documents aNew YorkbJohn Wiley And Sonsc2002 a443 aHamlin,M. a9116 c115942d115942 001040708GeneralaAKSbAKScAKS-MBA-CIR-Rack-7d2011-09-13eBharati Madhyavarti Sahakari Grahakbhandar Limitedg1895.00l1o658.79999999999995 KOTpAKS-M-10518r2025-08-18 00:00:00s2025-08-08t1w2023-03-01yBK